000 00282nam a22001337a 4500
008 171027b xxu||||| |||| 00| 0 eng d
020 _a1885693001
041 _aeng
080 _a336
100 _a56
101 _aFIN
245 _aFINANCING SPORT
_cHOWARD,D.R
942 _2udc
_cBK
999 _c36161
_d36161